Pháp luật kinh doanh bảo hiểm Sách tham khảo

Tài liệu tham khảo tr. 221-224;

Đã lưu trong:
書目詳細資料
主要作者: Bùi, Thị Hằng Nga
其他作者: Đại học Quốc gia Tp. Hồ Chí Minh
格式: 圖書
語言:Undetermined
出版: Tp. Hồ Chí Minh Đại học Quốc gia Tp. Hồ Chí Minh 2015
主題:
在線閱讀:http://lrc.tdmu.edu.vn/opac/search/detail.asp?aID=2&ID=23964
標簽: 添加標簽
沒有標簽, 成為第一個標記此記錄!
Thư viện lưu trữ: Trung tâm Học liệu Trường Đại học Thủ Dầu Một
LEADER 01248nam a2200229Ia 4500
001 TDMU_23964
008 210410s9999 xx 000 0 und d
082 |a 346.086 
090 |b B510 
100 |a Bùi, Thị Hằng Nga 
245 0 |a Pháp luật kinh doanh bảo hiểm 
245 0 |b Sách tham khảo 
245 0 |c Bùi Thị Hằng Nga 
260 |a Tp. Hồ Chí Minh 
260 |b Đại học Quốc gia Tp. Hồ Chí Minh 
260 |c 2015 
300 |a 224 tr. 
520 |a Tài liệu tham khảo tr. 221-224;   |g Chương 1.  |t Bảo hiểm và pháp luật kinh doanh bảo hiểm --  |g Chương 2.  |t Địa vị pháp lý của chủ thể tham gia hoạt động kinh doanh bảo hiểm --  |g Chương 3.  |t Chế độ pháp lý của hợp đồng bảo hiểm --  |g Chương 4.  |t Một số hợp đồng bảo hiểm thông dụng; LU Luật Bảo hiểm 
650 |a Pháp luật  |x Bảo hiểm; Kinh doanh bảo hiểm; Luật bảo hiểm 
700 |a Đại học Quốc gia Tp. Hồ Chí Minh 
856 |u http://lrc.tdmu.edu.vn/opac/search/detail.asp?aID=2&ID=23964 
980 |a Trung tâm Học liệu Trường Đại học Thủ Dầu Một